000 01281nam a22003617a 4500
003 CHAP
005 20220329134414.0
008 971013s1994 r 00010 d
010 _a20044
011 _a21016
035 _a25105
040 _cCHAP
090 _aTesis
100 0 0 _aJuárez Mireles, Francisco Javier.
_962455
245 _aAplicación de ethrel en tomate de cáscara (Physalis ixocarpa Brot.) Chapingo, México
260 _aChapingo, Méx. :
_bEl autor,
_c1994
300 _a80 h.
_b; gráfs.
502 _aTesis (Ing. Agr. Esp. en Fitotecnia) -- UACH. Departamento de Fitotecnia
590 _aALEPH
_b10
_c20130110
_lUCH01
_h1243
590 _aBATCH-UPD
_b10
_c20130110
_lUCH01
_h1640
590 _aBATCH-UPD
_b10
_c20130410
_lUCH01
_h1031
590 _aBATCH-UPD
_b10
_c20130914
_lUCH01
_h1917
590 _aCONVERSION
_b10
_c20130109
_lUCH01
_h1312
650 1 4 _aAcido cloroetilfosfonico 2.
_9578
650 1 4 _aPlantas
_xCrecimiento
_xAditivos.
_988804
650 1 4 _aTomate verde
_xRendimiento.
_9113834
650 1 4 _aTomate verde
_zMéxico (Edo.).
_9113846
901 _aBK
942 _cFOLL
949 _bBC
_cTES
_d-57926
_eTS1
_h27050
_i25105
_si
949 _bBC
_cTES
_d-57927
_eTS2
_fc.2
_h27051
_i25105
_si
949 _bBC
_cTES
_d-57928
_eTS2
_fc.3
_h27052
_i25105
_si
999 _c20044
_d20044